Alle "Hausen"-Städte Deutschlands - Statistiken

Allgemein
  • Dieses Quiz wurde 464 mal gespielt
  • Das Durchschnittsergebnis liegt bei 9 aus 39
Antwortstatistiken
- Einwohner Stadt BL % Korrekt
-hausen 208.752 Oberhausen NW
90%
-haus 8.778 Neuhaus am Rennweg TH
63%
-hausen 110.714 Recklinghausen NW
61%
-hausen 40.563 Nordhausen TH
57%
-hausen 35.797 Mühlhausen/Thüringen TH
46%
-hausen 18.862 Burghausen BY
39%
-hausen 25.419 Sangerhausen ST
39%
-haus 39.658 Ahaus NW
37%
-hausen 20.885 Sondershausen TH
35%
-hausen 11.660 Hildburghausen TH
31%
-hausen 48.803 Bad Oeynhausen NW
26%
-hausen 24.968 Obertshausen HE
26%
-hausen 34.327 Barsinghausen NI
24%
-hausen 23.220 Gelnhausen HE
24%
-hausen 38.283 Königs Wusterhausen BB
24%
-hausen 16.860 Gunzenhausen BY
22%
-hausen 12.664 Waltershausen TH
22%
-hausen 18.984 Wolfratshausen BY
22%
-hausen 14.943 Witzenhausen HE
21%
-hausen 9.951 Bad Frankenhausen/Kyffhäuser TH
20%
-haus 26.367 Heiligenhaus NW
20%
-hausen 16.920 Babenhausen HE
18%
-hausen 20.667 Wildeshausen NI
17%
-häus- 21.178 Waghäusel BW
16%
Haus- 5.737 Hausach BW
15%
-hausen 17.505 Schrobenhausen BY
15%
-haus 10.356 Neuenhaus NI
10%
-hausen 24.847 Lüdinghausen NW
9%
-hausen 9.001 Borgholzhausen NW
7%
-hausen 3.488 Eschershausen NI
7%
-hausen 6.390 Thannhausen BY
7%
-hausen 6.994 Immenhausen HE
6%
-hausen 5.315 Rockenhausen RP
4%
-hausen 1.288 St. Goarshausen RP
4%
-hausen 5.650 Leutershausen BY
3%
-hausen 4.980 Emmelshausen RP
2%
-hausen 9.329 Ichenhausen BY
2%
-hausen 17.001 Oerlinghausen NW
2%
-hausen 9.368 Höhr-Grenzhausen RP
1%
Keine übereinstimmenden Quizze gefunden
Verteilung der Resultate
Anzahl Personen mit jedem Resultat
Perzentil nach korrekt beantworteten Fragen
Ihre Resultats-Entwicklung
Sie haben dieses Quiz noch nicht gespielt